<?xml version="1.0" encoding="UTF-8"?><?xml-stylesheet type="text/xsl" href="static/style.xsl"?><OAI-PMH xmlns="http://www.openarchives.org/OAI/2.0/" xmlns:xsi="http://www.w3.org/2001/XMLSchema-instance" xsi:schemaLocation="http://www.openarchives.org/OAI/2.0/ http://www.openarchives.org/OAI/2.0/OAI-PMH.xsd"><responseDate>2026-06-30T04:08:23Z</responseDate><request verb="GetRecord" identifier="oai:riubu.ubu.es:10259/7568" metadataPrefix="marc">https://riubu.ubu.es/oai/request</request><GetRecord><record><header><identifier>oai:riubu.ubu.es:10259/7568</identifier><datestamp>2023-03-22T01:05:23Z</datestamp><setSpec>com_10259_4244</setSpec><setSpec>com_10259_5086</setSpec><setSpec>com_10259_2604</setSpec><setSpec>col_10259_4245</setSpec></header><metadata><record xmlns="http://www.loc.gov/MARC21/slim" xmlns:doc="http://www.lyncode.com/xoai" xmlns:xsi="http://www.w3.org/2001/XMLSchema-instance" xmlns:dcterms="http://purl.org/dc/terms/" xsi:schemaLocation="http://www.loc.gov/MARC21/slim http://www.loc.gov/standards/marcxml/schema/MARC21slim.xsd">
<leader>00925njm 22002777a 4500</leader>
<datafield tag="042" ind1=" " ind2=" ">
<subfield code="a">dc</subfield>
</datafield>
<datafield tag="720" ind1=" " ind2=" ">
<subfield code="a">Matos, María</subfield>
<subfield code="e">author</subfield>
</datafield>
<datafield tag="720" ind1=" " ind2=" ">
<subfield code="a">Benito Moreno, José Manuel</subfield>
<subfield code="e">author</subfield>
</datafield>
<datafield tag="720" ind1=" " ind2=" ">
<subfield code="a">Cambiella, Ángel</subfield>
<subfield code="e">author</subfield>
</datafield>
<datafield tag="720" ind1=" " ind2=" ">
<subfield code="a">Gutiérrez, Gemma</subfield>
<subfield code="e">author</subfield>
</datafield>
<datafield tag="260" ind1=" " ind2=" ">
<subfield code="c">2022-12</subfield>
</datafield>
<datafield tag="520" ind1=" " ind2=" ">
<subfield code="a">Double emulsions are ternary systems commonly used in several disciplines in areas such&#xd;
as food technology, applied chemistry, chemical engineering, materials science, pharmacology and&#xd;
environmental science. In several courses related to these areas, the implementation of laboratory experiment is required to strengthen the knowledge acquired by students during the theoretical lessons.&#xd;
However, it is difficult to find published practical experiments in this field. This work presents a&#xd;
four-hour hands-on laboratory experiment in which students can easily formulate and prepare waterin-oil-in-water double emulsions for vitamin B12 encapsulation. In this experiment, students can&#xd;
analyze the effect of the osmotic pressure produced by the addition of different NaCl concentrations&#xd;
in each aqueous phase, which could lead to the swelling and deswelling phenomena of the inner&#xd;
aqueous droplets and, therefore, affect the encapsulation efficiency of the formulated systems. The&#xd;
double emulsions are analyzed by the students in terms of size and encapsulation efficiency</subfield>
</datafield>
<datafield tag="024" ind2=" " ind1="8">
<subfield code="a">http://hdl.handle.net/10259/7568</subfield>
</datafield>
<datafield tag="024" ind2=" " ind1="8">
<subfield code="a">10.3390/coatings12121903</subfield>
</datafield>
<datafield tag="024" ind2=" " ind1="8">
<subfield code="a">2079-6412</subfield>
</datafield>
<datafield ind1=" " ind2=" " tag="653">
<subfield code="a">Lab experiment</subfield>
</datafield>
<datafield ind1=" " ind2=" " tag="653">
<subfield code="a">Learning theories</subfield>
</datafield>
<datafield ind1=" " ind2=" " tag="653">
<subfield code="a">Colloids courses</subfield>
</datafield>
<datafield ind1=" " ind2=" " tag="653">
<subfield code="a">Double emulsions</subfield>
</datafield>
<datafield ind1=" " ind2=" " tag="653">
<subfield code="a">Encapsulation</subfield>
</datafield>
<datafield ind1=" " ind2=" " tag="653">
<subfield code="a">Osmotic pressure</subfield>
</datafield>
<datafield ind1=" " ind2=" " tag="653">
<subfield code="a">Droplet size distribution</subfield>
</datafield>
<datafield tag="245" ind1="0" ind2="0">
<subfield code="a">Laboratory Experiment on Emulsions: Study of the Effect of Osmotic Pressure on Double Emulsions Preparation</subfield>
</datafield>
</record></metadata></record></GetRecord></OAI-PMH>